000 00291nam a22001337a 4500
008 181008b xxu||||| |||| 00| 0 eng d
020 _a9780070960084
041 _aeng
080 _211ed
_a330..101
100 _a52
101 _amak
245 _aMacroeconomics
_cBrue.m
942 _2udc
_cBK
999 _c49045
_d49045